000 00745nam a2200241Ia 4500
003 OSt
005 20220926000419.0
006 a|||||r|||| 00| 0
007 ta
008 220923b |||||||| |||| 00| 0 eng d
037 _cGeneral Book
040 _aRTL
_cRTL
_beng
041 _2eng
_aeng
082 _aV44Q71:51.N71, L2/Q7
110 _aIndian Council of World Affairs (New Delhi)
_9302534
245 0 _aHow Pakistan violated human rights in Bangladesh
260 _a New Delhi
_bICWA
_c1972
300 _axii, 62p
_ccm.
650 _aFreedom Struggle History
700 _aIndian Council of World Affairs (New Delhi)
_9302535
942 _hV44Q71:51.N71, L2/Q7
_cGB
_2CC
999 _c599001
_d599001